000 00810nam a2200253Ia 4500
003 OSt
005 20220923220158.0
006 a|||||r|||| 00| 0
007 ta
008 220922b |||||||| |||| 00| 0 hin d
024 _a184,785
037 _cTextual
040 _aARTS
_cARTS
_bhin
041 _2hin
_ahin
082 _aO152,1NSH3,1, M1
100 _aशर्मा, रत्न चन्द्र
245 0 _aअश्वत्थामा
246 _aAshvatthāmā
260 _aकरनाल
_b रत्नचन्द्र शर्मा
_c1981
300 _a132 पृ.
_ccm.
650 _aहिन्दी साहित्य
_9156264
942 _hO152,1NSH3,1, M1
_cTEXL
_2CC
999 _c338069
_d338069